000 00500nam a2200217Ia 4500
003 OSt
005 20221005131908.0
006 a|||||r|||| 00| 0
007 ta
008 ORI
024 _a27609
037 _cTextual
040 _aCRL
_cCRL
_bORI
041 _2ORI
_aORI
082 _aO157,3NMO,5, L3
100 _aMohanty B.M.
_9640264
245 0 _aTakhjaka mein krishna
260 _c1973
942 _hO157,3NMO,5, L3
_cTEXL
_2cc
999 _c1061766
_d1061766